En el restaurante / (Registro nro. 12427)
[ vista simple ]
| 000 -LIDER | |
|---|---|
| fixed length control field | 00737nam a22002537a 4500 |
| 001 - NÚMERO DE CONTROL | |
| Identificador de número de control | 0021458755 |
| 003 - IDENTIFICACDOR DE NÚMERO DE CONTROL | |
| control field | DO-SdBNP |
| 005 - DATE AND TIME OF LATEST TRANSACTION | |
| control field | 20180221092653.0 |
| 007 - CAMPOS FIJOS DE DESCRIPCIÓN FÍSICA | |
| fixed length control field | 0021458755 |
| 008 - ELEMENTOS DE LONGITUD FIJA | |
| fixed length control field | 161214b 1986 sp a ||||| |||| 00| 0 spa d |
| 020 ## - ISBN | |
| International Standard Book Number | 8426119441 |
| 040 ## - FUENTE DE CATALOGACIÓN | |
| Agencia que crea de manera original el registro | BPMSU |
| Idioma de catalogación | spa |
| Agencia que realiza la transcripción | BPMSU |
| 100 1# - ASIENTO PRINCIPAL -- NOMBRE PERSONAL | |
| Nombre personal | Oxenbury, Helen, |
| Fechas asociadas con el nombre | 1938- |
| 245 10 - MENCIÓN DE TITULO | |
| Título | En el restaurante / |
| Mención de responsabilidad | Helen Oxenbury. |
| 250 ## - MENCIÓN DE EDICION | |
| Mención de edición | 2ª ed. |
| 260 ## - PUBLICACIÓN, DISTRIBUCIÓN, ETC. (PIE DE IMPRENTA) | |
| Lugar de publicación, distribución, etc | Barcelona : |
| Nombre del editor, distribuidor, etc. | Juventud, |
| Fecha de publicación, distribución, etc | 1986. |
| 300 ## - DESCRIPCIÓN FÍSICA | |
| Extensión | 18 p. : |
| Otros detalles físicos | il. ; |
| Dimensiones | 18 cm. |
| 490 1# - MENCIÓN DE SERIES | |
| Mención de serie | Mis primeros libros de imágenes |
| 500 ## - NOTA GENERAL | |
| Nota general | Para niños de 2 a 7 años |
| 830 #0 - ASIENTO SECUNDARIO DE SERIE--TÍTULO UNIFORME | |
| Título uniforme | Mis primeros libros de imágenes. |
| 942 ## - ADDED ENTRY ELEMENTS (KOHA) | |
| Source of classification or shelving scheme | Dewey Decimal Classification |
| Koha item type | Libros |
| 945 ## - INFORMACIÓN DE PROCESAMIENTO LOCAL | |
| Información de procesamiento local | Inventariado, 2018/MFF |
| 956 ## - LOCAL ELECTRONIC LOCATION AND ACCESS (OCLC) | |
| Método de acceso | LOPEREZ |
| Materiales especificados | 10 |
| Enlace | 20161214 |
| Campo enlazado y núm. de secuencia | BPMSU |
| Nombre de host | 00041 |
| Withdrawn status | Lost status | Source of classification or shelving scheme | Damaged status | Not for loan | Collection code | Home library | Current library | Date acquired | Source of acquisition | Total Checkouts | Barcode | Date last seen | Price effective from | Koha item type |
|---|---|---|---|---|---|---|---|---|---|---|---|---|---|---|
| Dewey Decimal Classification | Colección Infantil General | Biblioteca Pública Metropolitana Salomé Ureña | Biblioteca Pública Metropolitana Salomé Ureña | 12/14/2016 | FUNDI | BPMSU16120309 | 12/14/2016 | 12/14/2016 | Libros |